Statistics for Countries that start with 'S' by picture

Click here to take the quiz!

General Stats

  • This quiz has been taken 39 times
  • The average score is 12 of 25

Answer Stats

Answer% Correct
Switzerland
83%
Singapore
79%
Sweden
79%
Saudi Arabia
76%
Slovenia
66%
Seychelles
62%
Spain
62%
Syria
62%
San Marino
52%
South Sudan
52%
Suriname
52%
Samoa
48%
South Korea
48%
Saint Lucia
45%
Senegal
45%
Serbia
45%
Slovakia
45%
Saint Kitts and Nevis
41%
Saint Vincent and the Grenadines
38%
Solomon Islands
34%
Sao Tome and Principe
31%
Sudan
31%
Somalia
28%
Sri Lanka
17%
Sierra Leone
14%

Score Distribution

Percentile by Number Answered

Percent of People with Each Score

Your Score History

You have not taken this quiz